| 000 | 00813nam a2200253 a 4500 | ||
|---|---|---|---|
| 001 | 000010799 | ||
| 005 | 20200929162308.0 | ||
| 008 | 091012s1999 sp a 001 0 spa d | ||
| 020 | _a8474326842 | ||
| 040 |
_aDO-SdBNP _bspa _cBNPHU |
||
| 082 |
_a371.33 _bS613m |
||
| 100 | 1 |
_aSimpson, Robert S. _926089 |
|
| 245 | 1 | 0 |
_aManual práctico para producción audiovisual / _cRobert S. Simpson; traducción José A. Álvarez. |
| 260 |
_aBarcelona : _bGedisa, _c1999. |
||
| 300 |
_a477 p. : _bil ; _c23 cm. |
||
| 490 | 1 | _aGedisa multimedia | |
| 500 | _aIncluye índice temático | ||
| 534 | _aEffective audio - visual | ||
| 650 | 4 |
_aMateriales audiovisual _926090 |
|
| 650 | 4 |
_aEnseñanza audiovisual _926091 |
|
| 700 | 1 |
_aÁlvarez, José A. _etrad. _926092 |
|
| 830 | 0 |
_aGedisa multimedia _926093 |
|
| 049 | _aBNPD | ||
| 999 |
_c10548 _d10548 |
||